| 000 | 00784nam a2200229 a 4500 | ||
|---|---|---|---|
| 001 | BRCA_8225 | ||
| 005 | 20190320210202.0 | ||
| 008 | 210514s1931----sz-a###f##---#000-0#ger-# | ||
| 041 | _ager | ||
| 044 | _asz | ||
| 050 | 4 |
_aN3650 _b.H57 _c1931 |
|
| 245 | 1 | 0 |
_aDie historischen museen der Schweiz _bdie sammlungen des rittersaal vereins im schloss und im museum Burgdorf. |
| 260 |
_aBasilea _bEmil Birkhauser _c1931 |
||
| 300 |
_a5 p. _bil., 24 láminas _c18 cm. |
||
| 440 | 0 |
_aDie historischen museen der Schweiz _pheft 10 _920511 |
|
| 500 | _aT15 | ||
| 610 | 2 | 4 |
_aBurgdorf (Basilea) _bMuseo del Castillo de _920512 |
| 650 | 1 | 4 |
_aArte medieval _vColeccionistas y colecciones _920513 |
| 650 | 1 | 4 |
_aPalacios y castillos _vGalerías y museos _zSuiza _920514 |
| 902 | _aGFM | ||
| 942 |
_2lcc _cB |
||
| 999 |
_c7893 _d7893 |
||